| 000 | 00384nam a22001457a 4500 | ||
|---|---|---|---|
| 020 | _a978-81-315-1614-0 | ||
| 082 | _a338.04 | ||
| 100 | _aKuratko, Donald F. | ||
| 245 | _aEntrepreneurship: An Introduction | ||
| 250 | _a8th | ||
| 260 |
_aDelhi: _bCengage Learning, _c2011 |
||
| 300 | _a556p.: ill.; 26 cm | ||
| 500 | _aIncludes Bibliographical References and Index | ||
| 942 | _cBK | ||
| 999 |
_c22112 _d22112 |
||